000 00712nab#a2200229#c#4500
999 _c87989
_d87989
003 IEF
005 20191205174009.0
008 950704s1976 uuu|| #####0 b| |u
040 _aIEF
_cES-MaIEF
100 1 _aHollander, Samuel
_921638
245 _aAlgunas relaciones tecnológicas entre "La riqueza de las Naciones y los "Principios" de Ricardo"
_c Samuel Hollander
260 _c1976
500 _aBibliografía
650 4 _aHOMENAJES
_945439
650 4 _aSMITH, ADAM (1723-1790)
_948447
650 4 _aRICARDO, DAVID (1772-1823)
_948300
650 4 _aCRITICA E INTERPRETACION
_941528
773 0 _tHacienda pública española
_w34570
_g40, p. 252-266
942 _2udc
942 _2udc